000 01387 a2200265 4500
005 20081021155415.0
008 081021t xxu||||| |||| 00| 0 hin d
010 _aHIN- 84488
020 _c250.00
_a8189412426
035 _aHN-56834
037 _bDBAD / PUB
040 _aDPL
_bHN
082 _a363.7
100 _aसिंह, इंदु
245 _aपर्यावरण चेतना /
_cइंदु सिंह
246 _aParyawaran Chetana
_bby Indu Singh
260 _aदिल्ली
_bआविष्कार प्रकाशन
_c2008
270 _aएल-20/13, गली नं.5, शिवाजी मार्ग, करतार नगर
_bदिल्ली
_e110053
300 _a176पृ
_c22 सेमी (अजिल्द)
650 _aEnvironmental policy
_xStudy and teaching
_zIndia
650 _aपर्यावरण नीति
_xअध्ययन एवं अध्यापन
_zभारत
942 _adpl
_cHN
_2ddc
_h363.7
_mसिंहइं
999 _c16975
_d16975